FIS Alpine Ski World Championship - Statistics

General Stats
  • This quiz has been taken 100 times
    12 since last reset
  • The average score is 12 of 31
Answer Stats
Year Answer % Correct
1932, 1956, 2021 Cortina d'Ampezzo
83%
2023 Courchevel / Méribel
75%
1934, 1948, 1974, 2003, 2017 St. Moritz
75%
1978, 2011 Garmisch-Partenkirchen
67%
1999, 2015 Vail / Beaver Creek
67%
1950 Aspen
58%
1982, 2013 Schladming
58%
2009 Val d'Isère
58%
1987, 2027 Crans-Montana
50%
1991, 2025 Saalbach
50%
1954, 2007, 2019 Åre
42%
1985, 2005 Bormio
42%
1933, 1936, 1964, 1976 Innsbruck
42%
1989 Vail
42%
1970, 2031 Val Gardena
42%
1952 Oslo
33%
1972 Sapporo
33%
1938 Engelberg
25%
1968 Grenoble
25%
1980 Lake Placid
25%
1997 Sestriere
25%
1996 Sierra Nevada
25%
1960 Squaw Valley
25%
2001 St. Anton
25%
1937, 1962 Chamonix
17%
2029 Narvik
17%
1966 Portillo
17%
1958 Badgastein
8%
1993 Morioka
8%
1931, 1935 Mürren
8%
1939 Zakopane
8%
No matching quizzes found
Score Distribution
Percent of People with Each Score
Percentile by Number Answered
Your Score History
You have not taken this quiz since the last reset